Life after God: An Encounter with Postmodernism /
In this volume, Mark Bevir argues that postfoundationalism is compatible with humanism and historicism. He shows how postmodernists, especially Derrida and Foucault, drew on structuralism and the avant-garde in ways that led them to downplay human agency and historical context. He then explores how...
المؤلف الرئيسي:
التنسيق: كتاب الكتروني
اللغة: English
منشور في:
Leiden ; Boston :
Brill,
2022.
سلاسل:
Studies in Moral Philosophy ;
16.
Religious Studies, Theology and Philosophy E-Books Online, Collection 2022.
الموضوعات:
الوصول للمادة أونلاين: Login to view Source
الوسوم: إضافة وسم
رقم الطلب: PS3553.O855
| LEADER | 02915nam a22004818i 4500 | ||
|---|---|---|---|
| 001 | BRILL9789004513556 | ||
| 003 | nllekb | ||
| 005 | 20220414152829.0 | ||
| 006 | m d | ||
| 007 | cr un uuuua | ||
| 008 | 220331s2022 ne sb 001 0 eng d | ||
| 020 | |a 9789004513556 |q (electronic book) | ||
| 020 | |a 9789004513549 |q (print) | ||
| 024 | 7 | |a 10.1163/9789004513556 |2 DOI | |
| 035 | |a (OCoLC)1306059778 | ||
| 040 | |a NL-LeKB |c NL-LeKB |e rda | ||
| 050 | 4 | |a PS3553.O855 | |
| 072 | 7 | |a HPCF7 |2 bicssc | |
| 072 | 7 | |a PHI |x 029000 |2 bisacsh | |
| 072 | 7 | |a PHI |x 027000 |2 bisacsh | |
| 082 | 0 | 4 | |a 813.54 |2 23 |
| 100 | 1 | |a Bevir, Mark, |e author. | |
| 245 | 1 | 0 | |a Life after God: An Encounter with Postmodernism / |c Mark Bevir. |
| 264 | 1 | |a Leiden ; |a Boston : |b Brill, |c 2022. | |
| 300 | |a 1 online resource. | ||
| 336 | |a text |b txt |2 rdacontent | ||
| 337 | |a computer |b c |2 rdamedia | ||
| 338 | |a online resource |2 rdacarrier | ||
| 490 | 1 | |a Studies in Moral Philosophy ; |v 16 | |
| 490 | 1 | |a Religious Studies, Theology and Philosophy E-Books Online, Collection 2022 | |
| 504 | |a Includes bibliographical references and index. | ||
| 505 | 0 | 0 | |t Preliminary Material / |r Mark Bevir -- |t Copyright Page / |r Mark Bevir -- |t Epigraph / |r Mark Bevir -- |t Preface / |r Mark Bevir -- |t Acknowledgements / |r Mark Bevir -- |t Chapter 1 Lived Practice / |r Mark Bevir -- |t Chapter 2 On Modernity / |r Mark Bevir -- |t Chapter 3 On Structuralism / |r Mark Bevir -- |t Chapter 4 On the Avant-Garde / |r Mark Bevir -- |t Chapter 5 On Knowledge / |r Mark Bevir -- |t Chapter 6 On Subjectivity / |r Mark Bevir -- |t Chapter 7 On the Human Sciences / |r Mark Bevir -- |t Chapter 8 On Critique / |r Mark Bevir -- |t Chapter 9 On Universalism / |r Mark Bevir -- |t Chapter 10 On Community / |r Mark Bevir -- |t Chapter 11 Historicism and Humanism / |r Mark Bevir -- |t Bibliography / |r Mark Bevir -- |t Index / |r Mark Bevir. |
| 520 | |a In this volume, Mark Bevir argues that postfoundationalism is compatible with humanism and historicism. He shows how postmodernists, especially Derrida and Foucault, drew on structuralism and the avant-garde in ways that led them to downplay human agency and historical context. He then explores how we today might recover and rethink humanism and historicism. And, finally, he discusses the critical and ethical practices that such ideas might inspire. | ||
| 588 | |a Description based on print version record. | ||
| 650 | 0 | |a Religion. | |
| 650 | 0 | |a God. | |
| 776 | 0 | 8 | |i Print version: |t Life after God: An Encounter with Postmodernism. |d Leiden ; Boston : Brill, 2022 |z 9789004513549 |w (OCoLC)1288319700 |
| 830 | 0 | |a Studies in Moral Philosophy ; |v 16. | |
| 830 | 0 | |a Religious Studies, Theology and Philosophy E-Books Online, Collection 2022. | |
| 856 | 4 | |z DOI: |u http://dx.doi.org/10.1163/9789004513556 | |
| 942 | |2 lcc |c EBOOK | ||
| 952 | |0 0 |1 0 |2 lcc |4 0 |7 1 |9 39777 |a BRILL |b BRILL |d 2022-04-14 |l 0 |r 2022-04-14 00:00:00 |w 2022-04-14 |y EBOOK | ||
| 999 | |c 47230 |d 47230 | ||
